[Event "Reggio Emilia9596"]
[Site "Reggio Emilia"]
[Date "1996.??.??"]
[Round "3"]
[White "Dreev, Alexey"]
[Black "Beliavsky, Alexander G"]
[Result "1/2-1/2"]
[WhiteElo "2670"]
[BlackElo "2650"]

1.d4 Nf6 2.c4 e6 3.Nf3 d5 4.Nc3 Be7 5.cxd5 exd5 6.Bg5 c6 7.Qc2 Nbd7 8.e3 Nf8
9.Bd3 Ne6 10.Bh4 g6 11.O-O O-O 12.Rab1 a5 13.a3 Ng7 14.b4 axb4 15.axb4 Bf5
16.b5 Bxd3 17.Qxd3 Nf5 18.Bxf6 Bxf6 19.Ra1 Ra5 20.Nd2 Rxa1 21.Rxa1 c5 22.dxc5 d4
23.Nce4 dxe3 24.Qxd8 Rxd8 25.Nxf6+ Kg7 26.Nfe4 exd2 27.Rd1 Nd4 28.Rxd2 f5
29.Nd6 Ne6 30.g3 Kf8 31.Rc2 Nxc5 32.Nxf5 Rd1+ 33.Kg2 b6 34.Ne3 Rb1 35.Ra2 Rxb5
36.Ra7 h5 37.h4 Ne4 38.Nc4 Rf5 39.f4 Rf7 40.Ra8+ Kg7 41.Kf3 Nf6 42.Nxb6 Rb7
43.Ra6 Rc7 44.Ra3 Rc6 45.Rb3 Rc2 46.Na4 Ng4 47.Nc3 Rd2 48.Ke4 Nf6+ 49.Ke3 Rd7
50.Ne2 Ng4+ 51.Ke4 Re7+ 52.Kf3 Nh2+ 53.Kf2 Ng4+ 54.Ke1 Ne3 55.Ng1 Ng4+ 56.Kd2 Rd7+
57.Rd3 Rxd3+ 58.Kxd3 Nh6  1/2-1/2

[Event "Reggio Emilia9596"]
[Site "Reggio Emilia"]
[Date "1996.??.??"]
[Round "5"]
[White "Dreev, Alexey"]
[Black "Vaganian, Rafael A"]
[Result "1/2-1/2"]
[WhiteElo "2670"]
[BlackElo "2645"]

1.d4 Nf6 2.c4 e6 3.Nf3 Bb4+ 4.Nbd2 O-O 5.a3 Be7 6.e4 d5 7.Qc2 dxe4 8.Nxe4 Nc6
9.Bd3 Nxe4 10.Bxe4 Nxd4 11.Nxd4 Qxd4 12.Be3 Qe5 13.Bxh7+ Kh8 14.Bd3 Qa5+
15.Bd2 Qe5+ 16.Be2 Qf5 17.Bd3 Qe5+  1/2-1/2

[Event "Reggio Emilia9596"]
[Site "Reggio Emilia"]
[Date "1996.??.??"]
[Round "6"]
[White "Dreev, Alexey"]
[Black "Azmaiparashvili, Zurab"]
[Result "1/2-1/2"]
[WhiteElo "2670"]
[BlackElo "2620"]

1.d4 Nf6 2.c4 g6 3.Nc3 Bg7 4.e4 d6 5.f3 O-O 6.Bg5 a6 7.Nge2 c5 8.d5 b5 9.cxb5 Qa5
10.Ng3 axb5 11.Bxb5 Ba6 12.Bxa6 Nxa6 13.O-O Rfb8 14.Rb1 Rb7  1/2-1/2

[Event "Reggio Emilia9596"]
[Site "Reggio Emilia"]
[Date "1996.??.??"]
[Round "7"]
[White "Godena, Michele"]
[Black "Dreev, Alexey"]
[Result "1/2-1/2"]
[WhiteElo "2420"]
[BlackElo "2670"]

1.e4 e6 2.d4 d5 3.Nd2 c5 4.exd5 Qxd5 5.Ngf3 cxd4 6.Bc4 Qd8 7.O-O a6 8.Nb3 Qc7
9.Qe2 Nc6 10.Rd1 Bd6 11.Nbxd4 Nxd4 12.Rxd4 Ne7 13.a4 Bd7 14.Bd3 Bc6 15.Be4 Rc8
16.Rc4 Qa5 17.Bg5 Bxe4 18.Rxc8+ Nxc8 19.Qxe4 Qb4 20.Qxb4 Bxb4 21.Rd1 Ba5
22.Be3 Bb6 23.Bd4 Bxd4 24.Rxd4 f6 25.h4 Ke7 26.Rg4 g6 27.Rc4 Kd7 28.Rf4 Rf8
29.h5 Ne7 30.Ng5 Rc8 31.Rxf6 gxh5 32.c3 Rc4 33.Nxe6 Nd5 34.Rh6 b6 35.Nd4 Rxa4
36.Rxh7+ Kd6 37.Rh6+ Kd7 38.Rxh5 Nf4 39.Rh7+ Ke8 40.Rh6 b5 41.Rh8+ Kf7 42.Rh7+ Kg6
43.Re7 Nd3 44.Re2 b4 45.Rd2 bxc3 46.bxc3 Nc5 47.Rb2 Ne4 48.Ne2 a5 49.f3 Ra1+
50.Kh2 Nc5 51.Rb5 Nd3 52.Kg3 Kf6 53.Rd5 Nb2 54.Nd4 a4 55.Rf5+ Ke7 56.Ra5 Rc1
57.Nb5 Ke6 58.Kf4 Kd5 59.Na3+ Kc6 60.Rb5 Nd3+  1/2-1/2

[Event "Reggio Emilia9596"]
[Site "Reggio Emilia"]
[Date "1996.??.??"]
[Round "8"]
[White "Dreev, Alexey"]
[Black "Razuvaev, Yuri S"]
[Result "1/2-1/2"]
[WhiteElo "2670"]
[BlackElo "2585"]

1.d4 Nf6 2.c4 e6 3.Nf3 b6 4.a3 Bb7 5.Nc3 d5 6.Qc2 Be7 7.cxd5 exd5 8.Bf4 c5
9.e3 O-O 10.Rd1 Nbd7 11.Bd3 a6 12.a4 Rc8 13.O-O g6 14.Ne5 Re8 15.Be2 cxd4
16.exd4 Nf8 17.Bf3 Ne6 18.Be3 Bd6 19.Rfe1 Bf8 20.Qb3 Qd6 21.g3 Bg7 22.Bg2 Rcd8
23.Rc1 Re7 24.Re2 h5 25.Rce1 Rc7 26.f3 Re7 27.Bf2 Rde8 28.Kh1 Kh7 29.Qc2 Kg8
30.Bg1 Bc8 31.Qd3 Nc7 32.Be3 Ne6 33.h3 Bb7 34.g4 b5 35.g5 Nh7 36.f4 b4 37.Nd1 a5
38.Rf2 Qb6 39.h4 Bxe5 40.fxe5 Rc7 41.b3  1/2-1/2

[Event "Reggio Emilia9596"]
[Site "Reggio Emilia"]
[Date "1996.??.??"]
[Round "9"]
[White "Belotti, Bruno"]
[Black "Dreev, Alexey"]
[Result "0-1"]
[WhiteElo "2380"]
[BlackElo "2670"]

1.e4 c5 2.Nf3 Nc6 3.Nc3 d6 4.d4 cxd4 5.Nxd4 Nf6 6.Be2 e5 7.Nf3 h6 8.O-O Be6
9.Re1 Be7 10.Bf1 O-O 11.Nd5 Bxd5 12.exd5 Nb8 13.c4 Nbd7 14.a3 a5 15.b3 Nh7
16.Bb2 f5 17.b4 b6 18.Qc2 Ng5 19.Nd2 Qe8 20.Kh1 Qf7 21.Nb1 e4 22.Nc3 Rac8
23.Nb5 h5 24.Qd2 f4 25.h4 e3 26.Qc2 exf2 27.Rxe7 Qxe7 28.hxg5 Ne5 29.Qxf2 Nxc4
30.Re1 Qxg5 31.Bxc4 Rxc4 32.Nxd6 Rc2 33.Qxc2 Qh4+ 34.Kg1 Qxe1+ 35.Kh2 Qg3+
36.Kg1 f3 37.Ne4 Qe1+ 38.Kh2 f2 39.Nxf2 Rxf2 40.Qc8+ Kh7 41.Bc3 Qe4 42.Qh3 Qf4+
43.Qg3 Qxg3+ 44.Kxg3 Ra2 45.Kf4 Rxa3 46.Bd4 axb4 47.d6 b3 48.Ke5 Ra8 49.d7 g5  0-1

[Event "Vienna op"]
[Site "Vienna"]
[Date "1996.??.??"]
[Round "2"]
[White "Dreev, Alexey"]
[Black "Sveshnikov, Evgeny"]
[Result "1/2-1/2"]
[WhiteElo "2645"]
[BlackElo "2535"]

1.d4 d5 2.c4 e6 3.Nf3 c6 4.Nbd2 f5 5.g3 Nf6 6.Bg2 Bd6 7.O-O Nbd7 8.Qc2 O-O
9.Ne1 Qe7 10.Nd3 b6 11.b3 Bb7 12.Nf3  1/2-1/2

[Event "Vienna op"]
[Site "Vienna"]
[Date "1996.??.??"]
[Round "7"]
[White "Gyimesi, Zoltan"]
[Black "Dreev, Alexey"]
[Result "0-1"]
[WhiteElo "2480"]
[BlackElo "2645"]

1.d4 d5 2.c4 c6 3.Nc3 Nf6 4.Nf3 e6 5.cxd5 exd5 6.Bg5 Be7 7.Qc2 g6 8.e3 Bf5
9.Bd3 Bxd3 10.Qxd3 Nbd7 11.Bh6 Ng4 12.Bf4 O-O 13.h3 Ngf6 14.O-O Re8 15.Rab1 a5
16.Rfc1 Bf8 17.Nd2 Nb6 18.Qc2 Re6 19.Na4 Nbd7 20.Nc3 h6 21.Bh2 Nb6 22.Ne2 Re8
23.Nf4 Bd6 24.Nd3 Bxh2+ 25.Kxh2 Nfd7 26.Nf3 Nc4 27.Ra1 Kg7 28.Kg1 Re7 29.b3 Nd6
30.Re1 Nf8 31.Nc5 Qe8 32.Re2 Nd7 33.Nxd7 Qxd7 34.Ne5 Qc7 35.Rc1 Rae8 36.a3 Re6
37.Nd3 Qd8 38.Nc5 R6e7 39.Rce1 h5 40.Qb2 h4 41.Nd3 g5 42.Ne5 Ne4 43.Rc2 Re6
44.Rf1 Qe7 45.b4 axb4 46.axb4 Nd6 47.f4 f6 48.f5 Rxe5 49.dxe5 Qxe5 50.Rf3 Qxb2
51.Rxb2 Ra8 52.Kh2 Kf7 53.g3 hxg3+ 54.Kxg3 Rh8 55.Rf1 Ke7 56.Ra2 Rh4 57.Ra8 Rxb4
58.Rh8 Ne4+ 59.Kg2 Rb2+ 60.Kg1 Kd6 61.Rd8+ Kc7 62.Re8 Rb3 63.Re7+ Kd6 64.Rf7 b5  0-1

[Event "Vienna op"]
[Site "Vienna"]
[Date "1996.??.??"]
[Round "8"]
[White "Dreev, Alexey"]
[Black "Landa, Konstantin"]
[Result "1/2-1/2"]
[WhiteElo "2645"]
[BlackElo "2570"]

1.d4 d5 2.c4 e6 3.Nf3 Nf6 4.Nc3 Bb4 5.Bg5 h6 6.Bxf6 Qxf6 7.e3 O-O 8.Rc1 c6
9.a3 Ba5 10.b4 Bc7 11.e4 dxe4 12.Nxe4 Qe7 13.Bd3 a5 14.c5 axb4 15.axb4 e5
16.O-O Bg4 17.Re1 Rd8 18.dxe5 Qxe5 19.Nxe5 Bxd1 20.Rcxd1 Bxe5 21.Bc4 Rxd1
22.Rxd1 Kf8 23.g3 Ra4 24.Rb1 Na6 25.Bxa6 bxa6 26.f4 Bd4+ 27.Kg2 Ra2+ 28.Kh3 f5
29.Rd1 fxe4 30.Rxd4 e3 31.Re4 e2 32.Kg4 a5 33.bxa5 Rxa5 34.Rxe2 Rxc5 35.f5 Kf7
36.Re6 Rc2 37.h4 Rc5 38.Kf4 h5 39.Kg5 Rc3 40.Kxh5 Rxg3 41.Rxc6 Rg1 42.Rc4 Kf6  1/2-1/2

[Event "Hoogovens"]
[Site "Wijk aan Zee"]
[Date "1996.??.??"]
[Round "1"]
[White "Van Wely, Loek"]
[Black "Dreev, Alexey"]
[Result "0-1"]
[WhiteElo "2570"]
[BlackElo "2670"]

1.d4 d5 2.c4 c6 3.Nc3 Nf6 4.Nf3 e6 5.Bg5 h6 6.Bxf6 Qxf6 7.e3 Nd7 8.Bd3 dxc4
9.Bxc4 g6 10.O-O Bg7 11.Rc1 O-O 12.Qe2 Qe7 13.Rfd1 a6 14.a3 b6 15.e4 Bb7
16.e5 c5 17.d5 b5 18.Ba2 c4 19.Bb1 exd5 20.Nxd5 Bxd5 21.Rxd5 Rfe8 22.Re1 Rad8
23.Qd2 Nxe5 24.Nxe5 Rxd5 25.Qxd5 Bxe5 26.Kf1 Qf6 27.a4 Kg7 28.f3 bxa4 29.Ba2 a3
30.bxa3 c3 31.Bb3 Rb8 32.Re3 Bxh2 33.Qc4 Be5 34.g3 Bxg3 35.Qxc3 Qxc3 36.Rxc3 Bd6
37.Bc4 Rc8 38.a4 a5 39.Rc2 Kf6 40.Bd3 Rd8 41.Rc6 Kg5 42.Bc4 f6 43.Ra6 Bb4
44.f4+ Kxf4 45.Rxf6+ Kg5 46.Ra6 h5 47.Ke2 Re8+ 48.Kd3 Re7 49.Kd4 h4 50.Bd3 Rd7+
51.Ke3 Rxd3+ 52.Kxd3 h3 53.Ra8 Kg4 54.Ke2 h2 55.Rh8 Kg3 56.Kf1 Be7  0-1

[Event "Hoogovens"]
[Site "Wijk aan Zee"]
[Date "1996.??.??"]
[Round "2"]
[White "Dreev, Alexey"]
[Black "Leko, Peter"]
[Result "1/2-1/2"]
[WhiteElo "2670"]
[BlackElo "2625"]

1.d4 Nf6 2.c4 g6 3.Nc3 d5 4.Bf4 Bg7 5.Rc1 Nh5 6.Bg5 h6 7.Bh4 dxc4 8.e3 Be6
9.Be2 Nf6 10.Nf3 c6 11.Ne5 b5 12.f4 Nd5 13.Qd2 Nxc3 14.bxc3 Bd5 15.Qc2 Bf6
16.Bf2 Bxg2 17.Rg1 Qd5 18.Rxg2 Qxg2 19.Bf3 Qh3 20.Bg4 Qg2 21.Bf3 Qh3 22.Bg4 Qg2
23.Bf3  1/2-1/2

[Event "Hoogovens"]
[Site "Wijk aan Zee"]
[Date "1996.??.??"]
[Round "3"]
[White "Topalov, Veselin"]
[Black "Dreev, Alexey"]
[Result "1/2-1/2"]
[WhiteElo "2700"]
[BlackElo "2670"]

1.e4 e6 2.d4 d5 3.Nd2 c5 4.exd5 Qxd5 5.Ngf3 cxd4 6.Bc4 Qd6 7.Bb3 Nf6 8.Nc4 Qd8
9.Qxd4 Qxd4 10.Nxd4 Bc5 11.Nb5 Na6 12.Bf4 O-O 13.Nbd6 Nc7 14.Nxc8 Rfxc8 15.Ne5 Ncd5
16.Bg3 Ne7  1/2-1/2

[Event "Hoogovens"]
[Site "Wijk aan Zee"]
[Date "1996.??.??"]
[Round "4"]
[White "Dreev, Alexey"]
[Black "Anand, Viswanathan"]
[Result "1/2-1/2"]
[WhiteElo "2670"]
[BlackElo "2725"]

1.d4 d5 2.c4 dxc4 3.e3 e6 4.Bxc4 Nf6 5.Nf3 c5 6.O-O a6 7.Bd3 cxd4 8.exd4 Be7
9.Ne5 Nc6 10.Nxc6 bxc6 11.Qc2 Bb7 12.Rd1 Qc7 13.Nd2  1/2-1/2

[Event "Hoogovens"]
[Site "Wijk aan Zee"]
[Date "1996.??.??"]
[Round "6"]
[White "Dreev, Alexey"]
[Black "Shirov, Alexei"]
[Result "1-0"]
[WhiteElo "2670"]
[BlackElo "2690"]

1.d4 Nf6 2.c4 g6 3.Nc3 Bg7 4.e4 d6 5.f3 O-O 6.Bg5 c5 7.d5 Qa5 8.Qd2 e6 9.Nge2 exd5
10.cxd5 b5 11.Ng3 c4 12.Be2 Nbd7 13.b4 cxb3 14.Nxb5 Qb6 15.Be3 Nc5 16.axb3 Nfxe4
17.fxe4 Bxa1 18.b4 Nb3 19.Qd3 Nc1 20.Bxc1 Ba6 21.Qa3 Be5 22.Be3 Bxb5 23.Bxb6 axb6
24.Qe3 f5 25.exf5 Bxg3+ 26.Qxg3 Bxe2 27.Qxd6 Bb5 28.Qe6+ Kh8 29.Qe5+ Kg8
30.Qe6+ Kh8 31.Qxb6 Ra1+ 32.Kd2 Rxh1 33.Qxb5 Rxf5 34.Qe8+ Kg7 35.Qe7+ Kg8
36.Qe6+ Kg7 37.d6 Rf2+ 38.Kc3 Rc1+ 39.Kb3 Rd1 40.Qe5+ Kg8 41.Qe6+ Kg7 42.Kc4 Rxg2
43.Kc5 Rf2 44.Qe5+ Kg8 45.Qe8+ Kg7 46.Qe5+ Kg8 47.Qe8+ Kg7 48.d7 Rfd2 49.Qe7+ Kh6
50.Qh4+ Kg7 51.Qe7+ Kh6 52.Kc6 Rc2+ 53.Kb7 Rcd2 54.Kc7 Rc2+ 55.Qc5 Rdc1 56.Kb6  1-0

[Event "Hoogovens"]
[Site "Wijk aan Zee"]
[Date "1996.??.??"]
[Round "7"]
[White "Adams, Michael"]
[Black "Dreev, Alexey"]
[Result "1-0"]
[WhiteElo "2660"]
[BlackElo "2670"]

1.e4 e6 2.d4 d5 3.Nd2 c5 4.exd5 Qxd5 5.Ngf3 cxd4 6.Bc4 Qd6 7.O-O Nf6 8.Nb3 Nc6
9.Nbxd4 Nxd4 10.Nxd4 a6 11.Re1 Qc7 12.Bb3 Bd6 13.Nf5 Bxh2+ 14.Kh1 O-O 15.Nxg7 Rd8
16.Qf3 Kxg7 17.Bh6+ Kg6 18.c3 Nd5 19.Rad1 f5 20.Bc1 Bd6 21.Bxd5 exd5 22.Rxd5 Bd7
23.Qh3 Bf8 24.Re3 Kg7 25.Rg3+ Kh8 26.Qh4 Be6 27.Bf4 Be7 28.Bxc7  1-0

[Event "Hoogovens"]
[Site "Wijk aan Zee"]
[Date "1996.??.??"]
[Round "8"]
[White "Tiviakov, Sergei"]
[Black "Dreev, Alexey"]
[Result "1/2-1/2"]
[WhiteElo "2625"]
[BlackElo "2670"]

1.e4 e6 2.d4 d5 3.Nd2 c5 4.exd5 exd5 5.Ngf3 Nf6 6.Bb5+ Bd7 7.Bxd7+ Nbxd7
8.O-O Be7 9.dxc5 Nxc5 10.Re1 O-O 11.Nf1 Re8 12.Be3 Nfe4 13.c3 Qd6 14.Ng3 Bf8
15.Qc2 Qa6 16.Red1 Rad8 17.Ng5 Nxg5 18.Bxg5 Rd7 19.Be3 b6 20.Qf5 g6 21.Qg4 Ne6
22.Bd4 Qb5 23.Nh5 Be7 24.Bf6 d4 25.Bxe7 Qxh5 26.Qxh5 gxh5 27.Bf6 d3 28.Rd2 Nf4
29.Kf1 Re2 30.Rad1 Ne6 31.g3 Rxd2 32.Rxd2 Rd5 33.Kg2 h6 34.c4 Rd6 35.Kf3 Kh7
36.Be5 Ng5+ 37.Kf4 Rd7 38.h4 Nh3+ 39.Kf3 Ng1+ 40.Ke4 Re7 41.Rd1 Nh3 42.Kf5 Nxf2
43.Rd2 Ng4 44.Bd4 Ne3+ 45.Kf4 Nxc4 46.Rxd3 Rd7 47.b3 Na3 48.Rd2 Nb1 49.Rd3  1/2-1/2

[Event "Hoogovens"]
[Site "Wijk aan Zee"]
[Date "1996.??.??"]
[Round "9"]
[White "Dreev, Alexey"]
[Black "Sokolov, Ivan"]
[Result "1/2-1/2"]
[WhiteElo "2670"]
[BlackElo "2665"]

1.d4 Nf6 2.c4 e6 3.Nf3 d5 4.Nc3 Nbd7 5.cxd5 exd5 6.Qc2 Nb6 7.Bg5 Bg4 8.Ne5 Bh5
9.e3 Bg6 10.Qb3 c6 11.a4 a5 12.Bxf6 gxf6 13.Nd3 Rb8 14.Be2 Bd6 15.O-O Nc4
16.Rfd1 Qb6 17.Qa2 Qc7 18.b3 Nb6 19.g3 O-O 20.Bf3 Qe7 21.Ne2 Na8 22.Nef4 Nc7
23.Qd2 Ra8 24.Ng2 Ne6 25.Nh4 Ng5 26.Bg2 Rfe8 27.Qe2 Ra6 28.f4 Ne6 29.Qd2 Ng7
30.Re1 Bb4 31.Nxb4 Qxb4 32.Qxb4 axb4 33.Rac1 Ra5 34.Kf2 Nf5 35.Nxf5 Bxf5
36.Bf3 Kf8 37.g4 Be4 38.Bxe4 Rxe4 39.Ke2 Ke7 40.Rg1 Kd6 41.Rg3 Ra8 42.Rh3 Rae8
43.Kd2 b6 44.Re1 c5 45.dxc5+ bxc5 46.Rxh7 c4 47.bxc4 dxc4 48.Rxf7 Kc5 49.g5 Rd8+
50.Ke2 fxg5 51.fxg5 b3 52.Rb7 Rh4 53.Rb5+ Kc6 54.g6 Rxh2+ 55.Kf3 Rf8+ 56.Ke4 b2
57.g7 Rg8 58.Rg1 Rh4+ 59.Ke5 c3 60.Rb3 Rc4 61.Kf6 c2 62.Rxb2 c1=Q 63.Rxc1 Rxc1
64.Rg2 Kd5 65.Kf7 Rcc8 66.Kg6 Ke4 67.Kh7 Kxe3 68.a5 Ra8 69.a6 Rxg7+  1/2-1/2

[Event "Hoogovens"]
[Site "Wijk aan Zee"]
[Date "1996.??.??"]
[Round "10"]
[White "Piket, Jeroen"]
[Black "Dreev, Alexey"]
[Result "1-0"]
[WhiteElo "2570"]
[BlackElo "2670"]

1.d4 d5 2.c4 c6 3.Nc3 Nf6 4.Nf3 e6 5.Bg5 h6 6.Bxf6 Qxf6 7.e3 Nd7 8.a3 g6
9.b4 Bg7 10.cxd5 exd5 11.Bd3 O-O 12.O-O Nb6 13.Qb3 Qd6 14.Rfc1 Be6 15.Nd2 Rfb8
16.Rab1 a5 17.bxa5 Nd7 18.a4 Rxa5 19.Qc2 Ra7 20.Ne2 Nf8 21.h3 Bc8 22.Nc3 Ne6
23.Kh1 Bd7 24.Rb6 Qc7 25.Rcb1 Ra5 26.f4 Nc5 27.dxc5 Rxc5 28.R6b3 b5 29.axb5 cxb5
30.Nxd5 Rxc2 31.Nxc7 Rxd2 32.Bxb5 Bf5 33.Bc6 Rxb3 34.Rxb3 Rc2 35.Nd5 Kh7
36.Nb4 Rc1+ 37.Kh2 Bf8 38.Bd5 Rc5 39.Bxf7 Kg7 40.Be8 Rc2 41.Nxc2  1-0

[Event "Hoogovens"]
[Site "Wijk aan Zee"]
[Date "1996.??.??"]
[Round "11"]
[White "Dreev, Alexey"]
[Black "Gelfand, Boris"]
[Result "1-0"]
[WhiteElo "2670"]
[BlackElo "2700"]

1.d4 Nf6 2.c4 g6 3.Nc3 Bg7 4.e4 d6 5.f3 O-O 6.Bg5 c5 7.d5 a6 8.a4 h6 9.Be3 e6
10.dxe6 Bxe6 11.Bd3 Nfd7 12.Nge2 Ne5 13.b3 Qh4+ 14.Bf2 Qg5 15.Kf1 Qe7 16.Bb1 Nbc6
17.h3 Nb4 18.Kg1 f5 19.f4 Nec6 20.Kh2 Rad8 21.Re1 Qf7 22.Bh4 Rd7 23.Ra3 g5
24.Bg3 Ne7 25.Rf1 fxe4 26.Nxe4 Bb2 27.Rf2 g4 28.f5 Nxf5 29.Qd2 Be5 30.Bxe5 dxe5
31.Qc3 Qe7 32.Qxe5 Nc6 33.Qxc5 Qh4 34.N4g3 gxh3 35.Bxf5 hxg2+ 36.Kxg2 Bxf5
37.Rxf5 Re8 38.b4 Rde7 39.Qf2 Rg7 40.Raf3 Ne5 41.Rf8+  1-0

[Event "Hoogovens"]
[Site "Wijk aan Zee"]
[Date "1996.??.??"]
[Round "12"]
[White "Huebner, Robert"]
[Black "Dreev, Alexey"]
[Result "1/2-1/2"]
[WhiteElo "2635"]
[BlackElo "2670"]

1.c4 c6 2.e4 d5 3.exd5 cxd5 4.d4 Nf6 5.Nc3 e6 6.Nf3 Bb4 7.Bd3 dxc4 8.Bxc4 O-O
9.O-O a6 10.Ne5 b5 11.Qf3 Qxd4 12.Qxa8 Qxe5 13.Be2 Bxc3 14.bxc3 Qxe2 15.Qxb8 Nd5
16.Qg3 Qc4 17.Bd2 f6 18.Rfe1 e5 19.Qf3 Bg4 20.Qe4 Rc8 21.Qb1 Be2 22.Qf5 Qg4
23.Qxg4 Bxg4 24.a4 Bd7 25.axb5 Bxb5 26.Rec1 Rc4 27.f3 Kf7 28.Kf2 Ke6 29.Ra3 h5
30.Rca1 Rc6 31.Re1 Kf5 32.h3 h4 33.Re4 g5 34.g3 hxg3+ 35.Kxg3 Nb6 36.Ra2 Bd3
37.Rg4 Nc4 38.Bc1 Nd6 39.h4 Rxc3 40.Ra3 gxh4+ 41.Rxh4 Rxc1 42.Rxd3 Nb5 43.Ra4 Rc6
44.Ra5 Kg6 45.Rd2 Nc7 46.Raa2 Ne6 47.Rac2 Rb6 48.Rb2 Rb5 49.Ra2 a5 50.Rab2 Rc5
51.Rbc2 Rb5  1/2-1/2

[Event "Hoogovens"]
[Site "Wijk aan Zee"]
[Date "1996.??.??"]
[Round "13"]
[White "Dreev, Alexey"]
[Black "Timman, Jan H"]
[Result "1/2-1/2"]
[WhiteElo "2670"]
[BlackElo "2620"]

1.d4 Nf6 2.c4 e6 3.Nf3 b6 4.a3 Ba6 5.Qc2 Bb7 6.Nc3 c5 7.e4 cxd4 8.Nxd4 Nc6
9.Nxc6 Bxc6 10.Bf4 Bc5 11.Be2 O-O 12.Rd1 a5 13.O-O Qe7 14.Bf3 Ne8 15.Qd3 e5
16.Nd5 Qd6 17.Bg3 Bxd5 18.Qc3 Qc7 19.Rxd5 d6 20.b4 axb4 21.axb4 Bd4 22.Rxd4 exd4
23.Qxd4 Ra2 24.e5 dxe5 25.Bxe5 Qe7 26.b5 Nf6 27.Bc6 Ra4 28.Rd1 Rxc4 29.Qxc4 Qxe5
30.g3 Rc8 31.Rd3 g6 32.Ra3 h5 33.Kg2 Qe7 34.Re3 Qd6 35.Rd3 Qe5 36.h3 Kg7
37.Ra3 Rc7 38.Ra6 Nd7 39.h4 Nc5 40.Rxb6 Ra7 41.Qd5 Qxd5+ 42.Bxd5 Rd7 43.Bc4 Rd2
44.Kf3 Rc2 45.Bd5 Rd2 46.Bc6 Rb2 47.Ke3 Kf6 48.Rb8 Ke5 49.Re8+ Ne6 50.Re7 Kf6
51.Rd7 Nc5 52.Ra7 Rb4 53.Ra2 Ne6 54.Ra7 Nd4 55.Be8 Nf5+ 56.Kd3 Nd6 57.Bc6 Rb3+
58.Kc2 Nxb5 59.Rxf7+ Kxf7 60.Bd5+ Kf6 61.Bxb3 Nd4+ 62.Kc3 Nf5 63.Kd3 Nxg3
64.fxg3 g5  1/2-1/2

[Event "Yerevan ol (Men)"]
[Site "Yerevan"]
[Date "1996.??.??"]
[Round "4"]
[White "Dautov, Rustem"]
[Black "Dreev, Alexey"]
[Result "0-1"]
[WhiteElo "2615"]
[BlackElo "2645"]

1.d4 d5 2.c4 c6 3.Nf3 Nf6 4.Nc3 e6 5.Bg5 h6 6.Bxf6 Qxf6 7.e3 Nd7 8.Bd3 dxc4
9.Bxc4 g6 10.O-O Bg7 11.Ne4 Qe7 12.Qc2 O-O 13.Bb3 e5 14.Rfe1 Kh8 15.Ned2 Re8
16.Nc4 e4 17.Nfe5 Nxe5 18.dxe5 Bf5 19.Rad1 Rf8 20.Nd6 Bxe5 21.Nxf5 gxf5 22.Rd2 Rad8
23.Red1 Kg7 24.Qc4 Rxd2 25.Rxd2 Rc8 26.a4 Rc7 27.g3 a6 28.Bd1 b5 29.Qb3 Qe6
30.Qc2 c5 31.axb5 axb5 32.b3 c4 33.bxc4 bxc4 34.Qa2 Kf6 35.Qa8 Rc8 36.Qa5 c3
37.Ra2 h5 38.h4 Qd6 39.Qa6 Rb8 40.Qxd6+ Bxd6 41.Bc2 Ke5 42.Kf1 Kd5 43.Ke1 Kc4
44.Ra7 f6 45.Ra6 Rd8 46.Ra1 Bb4 47.Rd1 Ra8 48.Rb1 Ra3 49.Ke2 Ra6 50.Ke1 Ra3
51.Ke2 Ra7 52.Ke1 Kc5 53.Ke2 Ra2 54.Kd1 Kc4 55.Kc1 Ba3+ 56.Kd1 Bb4 57.Kc1 Ra5
58.Bb3+ Kd3 59.Bc2+ Kc4 60.Bb3+ Kd3 61.Bc2+ Ke2 62.Rxb4 Kxf2 63.Bd1 Kxe3
64.Kc2 Kf2 65.Bxh5 Kxg3 66.Bd1 e3 67.Kxc3 f4 68.Rb6 Rd5 69.Be2 f3 70.Bxf3 Kxf3
71.Rxf6+ Kg2 72.Re6 Kf2 73.Rf6+ Ke1 74.Kc2  0-1

[Event "Yerevan ol (Men)"]
[Site "Yerevan"]
[Date "1996.??.??"]
[Round "10"]
[White "Dreev, Alexey"]
[Black "Kurajica, Bojan"]
[Result "1/2-1/2"]
[WhiteElo "2645"]
[BlackElo "2490"]

1.d4 Nf6 2.c4 e6 3.Nf3 Bb4+ 4.Bd2 Qe7 5.g3 b6 6.Bg2 Bb7 7.O-O Bxd2 8.Qxd2 O-O
9.Nc3 d5 10.Ne5 Na6 11.Qg5 Rfe8 12.Rfd1 Ne4 13.Qxe7 Rxe7 14.Bxe4 dxe4 15.c5 Rd8
16.c6 Ba8 17.d5 exd5 18.Nxd5 Ree8 19.Rac1 Rd6 20.Nc4 Rde6  1/2-1/2

[Event "RUS-ch m1-2"]
[Site "Elista"]
[Date "1997.05.22"]
[Round "2.1"]
[White "Kiriakov, Petr"]
[Black "Dreev, Alexey"]
[Result "0-1"]
[WhiteElo "2530"]
[BlackElo "2650"]

1.d4 d5 2.c4 c6 3.Nc3 Nf6 4.e3 e6 5.a3 Nbd7 6.Qc2 b6 7.cxd5 exd5 8.Bd3 c5
9.Nf3 Bb7 10.O-O Bd6 11.b3 O-O 12.Bb2 Qe7 13.Bf5 Rfe8 14.Rfd1 Rad8 15.Rac1 a6
16.Na4 c4 17.Ne5 b5 18.Nxd7 Nxd7 19.Nc5 Nxc5 20.dxc5 Bxc5 21.b4 Bb6 22.Bxh7+ Kh8
23.Bf5 d4 24.exd4 Bxd4 25.Bxd4 Rxd4 26.Qc3 Qg5 27.Qh3+ Rh4 28.Qg3 Qxg3 29.hxg3 Rh6
30.Re1 Rxe1+ 31.Rxe1 g6 32.Bc2 Kg7 33.f3 g5 34.Re7 Bc6 35.Re5 g4 36.fxg4 Rd6
37.Kf2 Bxg2 38.Ke3 Bf1 39.Rg5+ Kf8 40.Be4 Bd3 41.Bb7 Bg6 42.Rd5 Re6+ 43.Kd2 Be4
44.Rd7 Ke8 45.Rc7 Rd6+ 46.Kc1 Bxb7 47.Rxb7 Rd3 48.Kb2 Rd2+ 49.Kb1 Rd3 50.Kb2 Rb3+
51.Ka2 Rxg3 52.Rb6 Rxg4 53.Rxa6 Rg2+ 54.Kb1 f5 55.a4 bxa4 56.Rf6 a3  0-1

[Event "RUS-ch m1-2"]
[Site "Elista"]
[Date "1997.05.23"]
[Round "2.2"]
[White "Dreev, Alexey"]
[Black "Kiriakov, Petr"]
[Result "1/2-1/2"]
[WhiteElo "2650"]
[BlackElo "2530"]

1.d4 Nf6 2.c4 e6 3.Nf3 d5 4.Nc3 Nbd7 5.cxd5 exd5 6.Qc2 c6 7.Bg5 Be7 8.e3 Nh5
9.Bxe7 Qxe7 10.Be2 O-O 11.O-O g6  1/2-1/2

[Event "RUS-ch m1-2"]
[Site "Elista"]
[Date "1997.05.28"]
[Round "4.1"]
[White "Dreev, Alexey"]
[Black "Zvjaginsev, Vadim"]
[Result "1/2-1/2"]
[WhiteElo "2650"]
[BlackElo "2610"]

1.d4 Nf6 2.c4 e6 3.Nf3 d5 4.Nc3 Bb4 5.Bg5 Nbd7 6.cxd5 exd5 7.Qc2 c5 8.a3 Bxc3+
9.Qxc3 c4 10.Nd2 h6 11.Bf4 O-O 12.e3 b5 13.a4 bxa4 14.Rxa4 Nb6 15.Ra5 Bd7
16.Qa3 a6 17.Be2 Bb5 18.O-O Rc8 19.Nb1 Ne4 20.Nc3 Nxc3 21.bxc3 Rc6 22.Bd1 Re8
23.Qc1 Nd7 24.Ra2 Nf6 25.Re1 Rb6 26.Qa1 Qc8 27.Be5 Nd7 28.Bg3 Nf6 29.Be5 Nd7
30.Bg3 Nf6 31.f3 Bd7 32.Ra5 Bf5 33.Ba4 Re7 34.Rc5 Qb7 35.e4 Bg6 36.e5 Nd7
37.Ra5 Bd3 38.Qa3 Ree6 39.Bf4 Rb1 40.Rxb1 Qxb1+ 41.Qc1 Qa2 42.Qd2 Qa3 43.Qc1 Qa2
44.Qd2 Qb1+ 45.Qc1 Qa2  1/2-1/2

[Event "RUS-ch m1-2"]
[Site "Elista"]
[Date "1997.05.29"]
[Round "4.2"]
[White "Zvjaginsev, Vadim"]
[Black "Dreev, Alexey"]
[Result "1/2-1/2"]
[WhiteElo "2610"]
[BlackElo "2650"]

1.d4 d5 2.c4 c6 3.Nc3 Nf6 4.Nf3 e6 5.e3 Nbd7 6.Qc2 b6 7.Be2 Bb7 8.O-O Be7
9.b3 Rc8 10.Bb2 c5 11.dxc5 bxc5 12.Rfd1 O-O 13.cxd5 exd5 14.Qf5 Qb6 15.Rac1 h6
16.Nh4 Rfe8 17.Bf3 Nf8 18.g3 g5 19.Na4 Qe6 20.Bxf6 Bxf6 21.Nxc5 Rxc5 22.Rxc5 gxh4
23.Qh5  1/2-1/2

[Event "RUS-ch m3-4"]
[Site "Elista"]
[Date "1997.05.30"]
[Round "4.4"]
[White "Zvjaginsev, Vadim"]
[Black "Dreev, Alexey"]
[Result "1/2-1/2"]
[WhiteElo "2610"]
[BlackElo "2650"]

1.d4 d5 2.c4 c6 3.Nc3 Nf6 4.Nf3 e6 5.e3 Nbd7 6.Qc2 b6 7.Be2 Bb7 8.O-O Bd6
9.Rd1 Qe7 10.e4 Nxe4 11.Nxe4 dxe4 12.Qxe4 O-O 13.Ne5 f5 14.Qe3 Nf6 15.Bf3 c5
16.Bxb7 Qxb7 17.Nf3 Rae8 18.Qe2 Qc7 19.h3 a6 20.dxc5 bxc5 21.b3 e5 22.Nh4 g6
23.Bh6 Rf7 24.g3 f4 25.gxf4 exf4 26.Qf3 Be5 27.Rac1 Bd4 28.Re1 Rfe7 29.Rxe7 Qxe7
30.Ng2 Qe2 31.Qxf4 Qxa2 32.Ne3 Qxb3 33.Qc7 Ne4 34.Qd7 Qb8 35.Rd1 Qe5 36.Rxd4 cxd4
37.Ng4 Qe7 38.Qxd4 Rd8 39.Qxe4 Rd1+ 40.Kh2 Qxe4 41.Nf6+ Kf7 42.Nxe4 a5 43.c5 Rd4
44.Ng5+ Kg8 45.Nf3 Rc4 46.Be3 a4 47.Ne5 Rc2 48.c6 a3 49.Bd4 a2 50.Kg3 Kf8
51.f4 Ke7 52.Kh4 Kd6 53.Kg5 Kd5 54.Ba1 Rc1 55.Bb2 Rc2 56.Ba1 Ke4 57.Kf6 Kxf4
58.Ke6 Kg3 59.Kd7 g5 60.Nd3 g4 61.Nb4  1/2-1/2

[Event "RUS-ch m5-8"]
[Site "Elista"]
[Date "1997.05.30"]
[Round "4.6"]
[White "Zvjaginsev, Vadim"]
[Black "Dreev, Alexey"]
[Result "0-1"]
[WhiteElo "2610"]
[BlackElo "2650"]

1.d4 d5 2.c4 c6 3.Nc3 Nf6 4.Nf3 e6 5.e3 Nbd7 6.Qc2 b6 7.Bd3 Bb7 8.O-O Be7
9.b3 dxc4 10.bxc4 c5 11.d5 exd5 12.cxd5 Nxd5 13.Nxd5 Bxd5 14.Rd1 Qc7 15.Bb2 Bc6
16.Be4 Bf6 17.Rxd7 Qxd7 18.Bxf6 gxf6 19.Rd1 Ba4 20.Rxd7 Bxc2 21.Bc6 Rd8 22.Rxa7+ Kf8
23.g3 Rd6 24.Rc7 Kg7 25.Nh4 Rhd8 26.Bf3 R8d7 27.Rc8 f5 28.e4 Bxe4 29.Bxe4 Rd1+
30.Kg2 fxe4 31.Rc6 R1d5 32.g4 b5 33.Nf5+ Kf8 34.Kg3 Rd8 35.Rh6 c4 36.Rxh7 Rxf5
37.gxf5 Ke7 38.Rh6 Rc8 39.Rh4 c3 40.Rxe4+ Kd6 41.Re1 c2 42.Rc1 Kd5 43.Kf4 Kd4
44.Kg5 Kc3 45.Kf6 Kb2  0-1